| 000 | 00559nam a2200205 a 4500 | ||
|---|---|---|---|
| 005 | 20240924070238.0 | ||
| 008 | 030409s1990 mx r 000 0 spa d | ||
| 020 | _a9684363591 | ||
| 035 | _aUPN01000123693 | ||
| 049 | _aCG | ||
| 050 | 4 |
_aBJ1725 _bM6.2 |
|
| 100 | 1 |
_aMora Ledesma, José Guadalupe de la _929375 |
|
| 245 | 1 | 0 |
_aDeontología laboral / _cJosé G. de la Mora Ledesma. |
| 260 |
_aMéxico : _bProgreso, _c1990. |
||
| 300 | _a96 p. | ||
| 650 | 2 |
_aÉtica profesional _96936 |
|
| 650 | 4 |
_aDEBER _912559 |
|
| 650 | 4 |
_aÉtica _912720 |
|
| 905 | _aLibro | ||
| 999 |
_c95872 _d95872 |
||